000 00430nam a2200157Ia 4500
008 210716s2010 xx 000 0 und d
020 _a9788173662652
041 _aeng
082 _a004.6P WALL
100 _aWall, Larry;Christiansen, Tom;Orwant, Jon.
245 _aProgramming perl.
250 _a3
260 _aMumbai
_bShroff Publishers and Distributors Pvt Ltd
_c2010
300 _axxxiii,1067,9/2004
650 _aNone
999 _c187236
_d187236